読めそうで読めない苗字クイズ - Statistics

General Stats
  • This quiz has been taken 899 times
  • The average score is 14 of 20
Answer Stats
Name Answer % Correct
剛力 ごうりき
92%
葉加瀬 はかせ
91%
薬師丸 やくしまる
88%
御手洗 みたらい
80%
長曽我部 ちょうそかべ
79%
新妻 にいづま
79%
東海林 しょうじ
78%
松任谷 まつとうや
78%
源五郎丸 げんごろうまる
76%
小鳥遊 たかなし
75%
東国原 ひがしこくばる
72%
九十九 つくも
71%
宇賀神 うがじん
68%
勅使河原 てしがわら
65%
喜屋武 きゃん
63%
にのまえ
52%
四月一日 わたぬき
48%
蓼丸 たでまる
46%
すめらぎ
39%
月見里 やまなし
23%
No matching quizzes found
Score Distribution
Percent of People with Each Score
Percentile by Number Answered
Your Score History
You have not taken this quiz